000 01593cam a2200373 a 4500
001 2598424
003 NUST-PNEC
005 20170116180714.0
008 970709s1998 enka bf 001 0 eng
010 _a 97027401
020 _a0750636246
040 _cPNEC
050 0 0 _aTN671
_b.S55 1998
082 0 0 _a669.0212 BRA
_221
100 _9654
_aBrandes, E. A.
245 0 0 _aSmithells metals reference book.
_cE. A. Brandes
246 3 0 _aMetals reference book
250 _a7th ed / edited by E.A. Brandes and G.B. Brook.
260 _aOxford ;
_aBoston :
_bButterworth-Heinemann,
_c1998.
300 _a1 v. (various pagings) :
_bill. ;
_c25 cm.
500 _aIncludes Index http://www.amazon.com/Smithells-Metals-Reference-Book-Seventh/dp/0750636246/ref=sr_1_1?s=books&ie=UTF8&qid=1413447239&sr=1-1&keywords=0750636246
500 _a"Paperback edition (with corrections) 1998"--T.p. verso.
504 _aIncludes bibliographical references and index.
650 0 _aMetallurgy
_xHandbooks, manuals, etc.
_xME, IME
650 0 _aMetals
_xHandbooks, manuals, etc.
700 1 _aBrandes, Eric A.
_q(Eric Adolph)
700 1 _aBrook, G. B.
700 1 _aSmithells, Colin J.
_q(Colin James).
_tMetals reference book.
856 4 2 _3Publisher description
_uhttp://www.loc.gov/catdir/description/els032/97027401.html
856 4 1 _3Table of contents
_uhttp://www.loc.gov/catdir/toc/els032/97027401.html
906 _a7
_bcbc
_corignew
_d1
_eocip
_f19
_gy-gencatlg
942 _2ddc
_cBK
999 _c61099
_d61099